Villages de Kingdom Come: Deliverance par images - Statistiques

Statistiques générales
  • Ce quiz a été pris 7 fois
  • Le résultat moyen est 6 sur 12
Statistiques - réponses
Par images Réponse % Correct
Rattay
100%
Sasau
100%
Skalitz
100%
Talmberg
100%
Neuhof
75%
Uzice
50%
Ledetchko
25%
Merhojed
25%
Pribyslavice
25%
Samopesh
25%
Rovna
0%
Vranik
0%
Aucun quiz correspondant
Distribution des résultats
% des personnes avec chaque résultat
Percentile par nombre de réponses
Votre historique - résultats
Vous n’avez pas pris ce quiz